Die bekanntesten Modemarken - Statistiken

Allgemein
  • Dieses Quiz wurde 1.072 mal gespielt
  • Das Durchschnittsergebnis liegt bei 11 aus 12
Antwortstatistiken
Bildquiz Antwort % Korrekt
Adidas
100%
Nike
100%
Puma
98%
Levi
95%
Fila
94%
Lacoste
94%
Gucci
92%
Tommy Hilfiger
88%
Chanel
82%
Louis Vuitton
77%
Champion
76%
Timberland
60%
Keine übereinstimmenden Quizze gefunden
Verteilung der Resultate
Anzahl Personen mit jedem Resultat
Perzentil nach korrekt beantworteten Fragen
Ihre Resultats-Entwicklung
Sie haben dieses Quiz noch nicht gespielt